CLERK & LINDSELL ON TORTS (Record no. 9548)

MARC details
000 -LEADER
fixed length control field 00361nam a22001577a 4500
003 - CONTROL NUMBER IDENTIFIER
control field SGT
020 ## - INTERNATIONAL STANDARD BOOK NUMBER
International Standard Book Number 9781847037961
082 ## - DEWEY DECIMAL CLASSIFICATION NUMBER
Classification number 346.4203,CLE
100 ## - MAIN ENTRY--PERSONAL NAME
Personal name CLERK, J. F
245 ## - TITLE STATEMENT
Title CLERK & LINDSELL ON TORTS
250 ## - EDITION STATEMENT
Edition statement 20TH
260 ## - PUBLICATION, DISTRIBUTION, ETC. (IMPRINT)
Place of publication, distribution, etc LONDON
Name of publisher, distributor, etc SWEET & MAXWELL
Year of Publication 2010
300 ## - PAGE DESCRIPTION
No. of Pages 2239
650 ## - SUBJECT ADDED ENTRY--TOPICAL TERM
Topical term or geographic name as entry element TORTS - ENGLAND ; TORTS - WALES ;
942 ## - ADDED ENTRY ELEMENTS (KOHA)
Source of classification or shelving scheme Dewey Decimal Classification
Koha item type Books
Holdings
Withdrawn status Lost status Source of classification or shelving scheme Damaged status Not for loan Collection code Home library Current library Shelving location Date acquired Vendor Name Cost, normal purchase price Volume Information (Serial or Books or Non-Book Material) SGTU Bill Number Full call number Accession No. (Barcode) Date last seen Bill Date Koha item type
    Dewey Decimal Classification   Not For Loan LAW SGT Science & Social Sciences Library SGT Science & Social Sciences Library Reference Book 19/07/2016 SATYAM BOOKS 0.00 A SGTU 985 346.4203,CLE FL16 19/07/2016 22/01/2014 Books
    Dewey Decimal Classification   Not For Loan LAW SGT Science & Social Sciences Library SGT Science & Social Sciences Library Reference Book 19/07/2016 SATYAM BOOKS 0.00 B SGTU 985 346.4203,CLE FL17 19/07/2016 22/01/2014 Books